[Event "Høstturnering Kampen 2017"]
[Site "Kampen bydelshus, Oslo"]
[Date "2017.08.28"]
[Round "5"]
[White "Nordsveen, Ole Kristian"]
[Black "Barrientos, Carlos"]
[Result "1-0"]
[WhiteElo "1175"]
[BlackElo "1291"]

1. e4 d5 2. exd5 Qxd5 3. Nc3 Qd8 4. Nf3 e6 5. d4 Nf6 6. Bg5 h6 7. Bh4 c6 8. Bc4 Qb6 9. Bb3 Be7 10. O-O Na6 11. a3 Bd6 12. Bxf6 gxf6 13. Ne4 Be7 14. c3 Bd7 15. Nfd2 O-O-O 16. Nc4 Qc7 17. Ba2 Rhg8 18. Qf3 Rg6 19. Ng3 Rdg8 20. Ne3 f5 21. Nexf5 exf5 22. Bxf7 Rxg3 23. hxg3 Rg5 24. Rfe1 Bd8 25. Be6 Bxe6 26. Rxe6 Qg7 27. b4 Nc7 28. Re5 Qg6 29. a4 Nd5 30. b5 Nc7 31. bxc6 Qxc6 32. Rxf5 Qxf3 33. Rxf3 h5 34. Re1 Ra5 35. Re5 Rxa4 36. Rxh5 a5 37. g4 Ra1+ 38. Kh2 a4 39. g5 a3 40. c4 Ne6 41. g6 a2 42. Ra3 Nxd4 43. g7 Bc7+ 44. g3 Nf3+ 45. Rxf3 Rh1+ 46. Kg2 Rg1+ 47. Kh3 a1=Q 48. g8=Q+ Kd7 49. Qd5+
1-0

[Event "Høstturnering Kampen 2017"]
[Site "Kampen bydelshus, Oslo"]
[Date "2017.08.28"]
[Round "6"]
[White "Haug, Kjell M"]
[Black "Ytteborg, Jan Henrik"]
[Result "0-1"]
[WhiteElo "1531"]
[BlackElo "1565"]

1. d4 d5 2. c4 e6 3. e3 Nf6 4. Nf3 Be7 5. cxd5 exd5 6. Be2 0-0 7. 0-0 c6 8. Nc3 Qc7
9. a3 Bd6 10. h3 h6 11. Bd2 Be6 12. Rc1 Qd8 13. b4 Nbd7 14. Bd3 Nh7 15. e4 dxe4
16. Nxe4 Bc7 17. Bc3 Nhf6 18. Nc5 Nxc5 19. dxc5 Nd5 20. Be5 Bxe5 21. Nxe5 Nf4 22.
Qf3 Qg5 23. Ng4 h5 24. Nh2 Bd5 25. Be4 Bxe4 26. Qxe4 Rfe8
0-1

[Event "Høstturnering Kampen 2017"]
[Site "Kampen bydelshus, Oslo"]
[Date "2017.08.28"]
[Round "6"]
[White "Hageland, Harald"]
[Black "Farner, Geir"]
[Result "1/2-1/2"]
[WhiteElo "1337"]
[BlackElo "1539"]

1. c4 e5 2. d3 Nc6 3. g3 g6 4. Bg2 Bg7 5. Nc3 Nge7 6. Nd5 O-O 7. Bd2 Nxd5 8.
cxd5 Ne7 9. e4 d6 10. Ne2 c6 11. dxc6 Nxc6 12. O-O Be6 13. Kh1 Qe7 14. b3 Rac8
15. Rc1 Qd7 16. Rc2 Rfd8 17. Qb1 d5 18. Rd1 dxe4 19. dxe4 Qd3 20. Nc1 Qd4 21.
Kg1 Bg4 22. Re1 Rd7 23. Be3 Qb4 24. Ne2 Rcd8 25. f3 Be6 26. Bc5 Qxe1+ 27. Qxe1
Rd1 28. Kf1 Rxe1+ 29. Kxe1 Bf8 30. Bxf8 Kxf8 31. Rd2 Ke7 32. Rxd8 Kxd8 33. Kd2
1/2-1/2

[Event "Høstturnering Kampen 2017"]
[Site "Kampen bydelshus, Oslo"]
[Date "2017.08.28"]
[Round "6"]
[White "Berg-Olsen, Henrik Seljeset"]
[Black "Ytrestøl, Gisle"]
[Result "1-0"]
[WhiteElo "1232"]
[BlackElo "1487"]

1. c4 e5 2. Nc3 Nf6 3. Nf3 Nc6 4. d4 exd4 5. Nxd4 Bc5 6. Nf3 h6 7. g3 O-O 8.
Bg2 d6 9. a3 a5 10. O-O Be6 11. b3 Ne5 12. Nxe5 dxe5 13. Ne4 Bd4 14. Ra2 c6 15.
Rd2 Nxe4 16. Bxe4 f5 17. Bxf5 Bxf5 18. e3 Qf6 19. exd4 exd4 20. Rxd4 Rad8 21.
Be3 Rxd4 22. Bxd4 Qg6 23. Bc3 Bc2 24. Qd4 Qf7 25. Re1 Bxb3 26. Re6 Bxc4 27.
Rxh6 a4 28. Rh4 Bd5 29. Rg4
1-0

[Event "Høstturnering Kampen 2017"]
[Site "Kampen bydelshus, Oslo"]
[Date "2017.08.28"]
[Round "6"]
[White "Skurtveit, Lasse"]
[Black "Kortner, Henrik"]
[Result "0-1"]
[WhiteElo "1223"]
[BlackElo "1424"]

1. e4 c5 2. Nf3 d6 3. d4 cxd4 4. Nxd4 Nf6 5. Nc3 Nc6 6. Bc4 Bd7 7. O-O g6 8.
Re1 Bg7 9. a3 a6 10. Qd3 Ne5 11. Qe2 Nxc4 12. Qxc4 O-O 13. Bd2 Rc8 14. Qd3 Qc7
15. Rac1 Qc4 16. Qxc4 Rxc4 17. Nf3 Rfc8 18. e5 dxe5 19. Nxe5 R4c7 20. Nxd7 Rxd7
21. Bf4 e6 22. f3 Nd5 23. Nxd5 Rxd5 24. c4 Rd4 25. Bg3 Rdxc4 26. Rxc4 Rxc4 27.
Rb1 Rc2 28. b3 Bd4+ 29. Kf1 e5 30. Rd1 g5 31. Be1 Kg7 32. Bb4 Rf2+ 33. Ke1 Rxg2
34. h3 Kg6 35. Bd6 Kf5 36. a4 Rg1+ 37. Ke2 Rxd1 38. Kxd1 Kf4 39. Ke2 f5 40. b4
h5 41. b5 axb5 42. axb5 Kg3 43. Be7 Kxh3 44. Bxg5 Kg3 45. Bf6 f4 46. Bg5 h4 47.
Bxh4+ Kxh4 48. Kd3 Kg3 49. Ke4 Kf2
0-1

[Event "Høstturnering Kampen 2017"]
[Site "Kampen bydelshus, Oslo"]
[Date "2017.08.28"]
[Round "6"]
[White "Solstad, Geir"]
[Black "Hem, Geir"]
[Result "1-0"]
[WhiteElo "1277"]
[BlackElo "1380"]

1. d4 d6 2. e4 g6 3. Be3 Bg7 4.
Nc3 Nc6 5. h3 Bd7 6. Bc4 Nf6 7. Nf3 O-O 8. Qd2 e5 9. Bg5 exd4 10. Bxf6 dxc3 11.
Bxc3 Ne5 12. Nxe5 dxe5 13. O-O-O Bc6 14. f3 Qxd2+ 15. Bxd2 b5 16. Be2 Rad8 17.
h4 Rd7 18. h5 Rfd8 19. hxg6 fxg6 20. Bd3 Bf6 21. Bc3 Bg5+ 22. Kb1 Bf4 23. Rh3
Re8 24. Rdh1 Rf7 25. Rd1 Bd7 26. Rhh1 c5 27. Ba5 Re6 28. Be2 Ra6 29. Bc3 Rb6
30. Rd5 b4 31. Bxe5 Bxe5 32. Rxe5 Bb5 33. Bxb5 Rxb5 34. Rd1 Rc7 35. Red5 Rbb7
36. Rd6 c4 37. R1d4 Kf8 38. f4 Rf7 39. g3 Rfc7 40. Kc1 a5 41. Ra6 Rc5 42. Rd5
Rbc7 43. Rxa5 Rxa5 44. Rxa5 b3 45. axb3 cxb3 46. c3 Rd7 47. Rd5 Ra7 48. Rb5 h6
49. Kd2 Kf7 50. Rb4 Ra1 51. Rxb3 Rf1 52. Ke3 h5 53. c4 Rc1 54. Rc3 Re1+ 55. Kf3
Rf1+ 56. Ke2 Rg1 57. b3 h4 58. gxh4 Rg4 59. Rh3 Rxf4 60. Rf3
1-0

[Event "Høstturnering Kampen 2017"]
[Site "Kampen bydelshus, Oslo"]
[Date "2017.08.28"]
[Round "7"]
[White "Kortner, Henrik"]
[Black "Jørgensen, Asle"]
[Result "0-1"]
[WhiteElo "1424"]
[BlackElo "1377"]

1. e4 d5 2. exd5 Qxd5 3. Nc3 Qa5 4. d4 c6 5. Nf3 Bf5 6. Bd3 Bg6 7. O-O e6 8. a3
Nf6 9. Re1 Be7 10. Bf4 Nbd7 11. b4 Qd8 12. Ne2 Nh5 13. c4 Nxf4 14. Nxf4 Qc7 15.
Ne2 Bxd3 16. Qxd3 Rd8 17. Qe3 Nf6 18. h3 O-O 19. Nc3 Rfe8 20. Ra2 Bd6 21. Rb2
Bf4 22. Qd3 e5 23. d5 cxd5 24. Nxd5 Nxd5 25. cxd5 e4 26. Rbe2 f5 27. Qb3 Qd6
28. g3 Bxg3 29. fxg3 Qxg3+ 30. Rg2 Qxf3 31. Qxf3 exf3 32. Rxe8+ Rxe8 33. Rc2
Re1+ 34. Kf2 Re2+ 35. Rxe2 fxe2 36. Kxe2 Kf7 37. Ke3 Ke7 38. a4 Kd6 39. Kd4 g5
0-1

[Event "Høstturnering Kampen 2017"]
[Site "Kampen bydelshus, Oslo"]
[Date "2017.08.28"]
[Round "7"]
[White "Ytteborg, Jan Henrik"]
[Black "Berg-Olsen, Henrik Seljeset"]
[Result "1/2-1/2"]
[WhiteElo "1565"]
[BlackElo "1232"]

1. e4 c5 2. Nf3 e6 3. d4 d5 4. exd5 Qxd5 5. Nc3 Qd8 6. Be3 cxd4 7. Bb5+ Bd7 8.
Bxd4 Bxb5 9. Nxb5 a6 10. Nc3 Nc6 11. Be3 Bb4 12. Qd3 Qxd3 13. cxd3 Nf6 14. a3
Be7 15. h3 O-O 16. g4 Rad8 17. d4 Nd5 18. Nxd5 Rxd5 19. g5 f5 20. O-O-O f4 21.
Bd2 Nxd4 22. Nxd4 Rxd4 23. Rhe1 Bxg5 24. Rxe6 Rfd8 25. Ree1 Kf7 26. Bb4 Rxd1+
27. Rxd1 Rxd1+ 28. Kxd1 Kg6 29. Ke2 Kf5 30. Kf3 Bf6 31. b3 g5 32. Bc5 h5 33.
Bb6 g4+ 34. hxg4+ hxg4+ 35. Ke2 Ke4 36. Bc5 Bd4 37. Bd6 Be5 38. Bb4 Kd5 39. Bd2
Bd6 40. Bc1 Ke4 41. a4 Bc5 42. Bd2 g3 43. f3+ Ke5 44. Kf1 Be3 45. Bc3+ Kd5 46.
Kg2 Kc5 47. Kf1 b5 48. axb5 axb5 49. Kg2 b4 50. Bg7 Kd5 51. Bb2 Bd4 52. Bc1
1/2-1/2

[Event "Høstturnering Kampen 2017"]
[Site "Kampen bydelshus, Oslo"]
[Date "2017.08.28"]
[Round "7"]
[White "Farner, Geir"]
[Black "Ytrestøl, Gisle"]
[Result "1-0"]
[WhiteElo "1539"]
[BlackElo "1487"]

1.d4 Nf6 2.c4 e5 3.dxe5 Ng4 4.Bf4 g5 5.Bg3 Bg7 6.Nf3 Nc6 7.h4 Ngxe5 8.Nxe5 Nxe5 9.Nd2 g4 10.h5 h6 11.e3 d6 12.Qc2 Be6 13.Be2 Qd7 14.Bh4 Bf5 15.e4 Be6 16.Nb3 c5 17.f4 gxf3 18.gxf3 f5 19.O-O-O Nc6 20.Nxc5 Nd4 21.Rxd4
1-0

[Event "Høstturnering Kampen 2017"]
[Site "Kampen bydelshus, Oslo"]
[Date "2017.08.28"]
[Round "7"]
[White "Nordsveen, Ole Kristian"]
[Black "Skurtveit, Lasse"]
[Result "1-0"]
[WhiteElo "1175"]
[BlackElo "1223"]

1. e4 e5 2. Nf3 Nc6 3. Bc4 Bc5 4. c3 Nf6 5. d4 exd4 6. cxd4 Bb4+ 7. Nc3 O-O 8. Bg5 Re8 9. e5 d6 10. Bxf6 Qxf6 11. O-O dxe5 12. dxe5 Nxe5 13. Nxe5 Qxe5 14. Qb3 Qe7 15. Nd5 Qd6 16. Nxb4 Qg6 17. Nd5 Qc6 18. Bb5 Qg6 19. Bxe8 b6
1-0

[Event "Høstturnering Kampen 2017"]
[Site "Kampen bydelshus, Oslo"]
[Date "2017.08.28"]
[Round "7"]
[White "Hem, Geir"]
[Black "Barrientos, Carlos"]
[Result "0-1"]
[WhiteElo "1380"]
[BlackElo "1291"]

1. d4 f5 2. Bf4 Nf6 3. e3 e6 4. h3 a6
5. Bd3 d5 6. Nd2 Bd6 7. c3 Nbd7 8. Ngf3 Qe7 9. Ne5 O-O 10. O-O Re8 11. c4 c6
12. Bg3 Bxe5 13. dxe5 Ne4 14. Bh2 Nf8 15. Nf3 Ng6 16. Rc1 Bd7 17. a3 Red8 18.
b4 Be8 19. c5 Bf7 20. Be2 Rd7 21. Nd4 Rad8 22. f3 Ng5 23. Qe1 h6 24. Bg3 Kh8
25. Qc3 Bg8 26. h4 Nf7 27. h5 Nf8 28. Bd1 Qg5 29. Qe1 Qxh5 30. f4 Qg6 31. Rf3
Re8 32. Bh4 Nd8 33. Rg3 Qh7 34. Bh5 Bf7 35. Bxf7 Nxf7 36. Qe2 Ng6 37. Qh5 Nxh4
38. Qxh4 Ree7 39. Qh5 Kg8 40. Rg6 Nd8 41. Rf1 b6 42. cxb6 Rb7 43. Rc1 Rxb6 44.
Rc5 Kf8 45. Rg3 Qg8 46. Qe2 Rc7 47. Qc2 Qf7 48. Qa4 Qe7 49. Qd1 Nb7 50. Rc2 c5
51. Qc1 c4 52. Rf2 a5 53. b5 Nc5 54. Qb1 Ne4 55. Rgf3 Nxf2 56. Rxf2 Qxa3 57.
Ra2 Qb4 58. Rb2 Qc3 59. Kf2 Kf7 60. Qa2 g5 61. Rc2 Qd3 62. Qxa5 Rcb7 63. Qa8
gxf4 64. Qa1 Qxe3+ 65. Kf1 Qxe5 66. Re2 Qf6 67. Qd1 Rxb5 68. Nxb5 Rxb5 69. Qa4
Rb1+
0-1